V mene krásneho a bohatého života Historická nevyhnutnosť a spoločenský prínos socialistickej kultúrnej revolúcie

Bibliographic Details
Main Author: Korytárová, Ľudmila (Author)
Format: Article
Language:Slovak
Subjects:

MARC

LEADER 00000nab a2200000 a 4500
001 vtls000134763
003 SK-MaSNL
005 20260303030014.0
008 111104c1983 xo 0 slo
015 |a SNBRB19rr/mm-uuuuu 
035 |a CL0144869 
040 |a SNKBUCL  |b slo  |c SNKBUCL  |e AACR2 
041 0 |a slo 
044 |a xo  |c SK 
080 |a 008  |2 1981 
100 1 |a Korytárová, Ľudmila  |4 aut  |9 352102 
245 1 0 |a V mene krásneho a bohatého života  |b Historická nevyhnutnosť a spoločenský prínos socialistickej kultúrnej revolúcie  |c Ľudmila Korytárová 
650 0 7 |a kultúra socialistická  |2 snkbucl  |9 921632 
650 0 7 |a revolúcia kultúrna  |2 snkbucl  |9 398376 
655 7 |a články z novín a časopisov  |2 snkbucl  |9 267496 
773 0 |t Pravda  |g Roč. 64, č. 4 (6. 1. 1983), s. 5 
850 |a Slovenská národná knižnica v Martine  |a MTA001 
852 |a SNK  |b KIS3GCP 
958 |a RK 
992 |a RBX 
999 |c 1649821  |d 1651751